| LDR | | 00995cam 2200253 c 4500 |
| 001 | | 000000113496 |
| 005 | | 20050706100028 |
| 008 | | 050706s2005 000 kor |
| 020 | |
▼a 895807129X
▼g 03370 |
| 040 | |
▼a 248032
▼d 248032 |
| 049 | 1 |
▼l GM00020804 |
| 056 | |
▼a 377.3
▼2 4 |
| 090 | |
▼a 377.3
▼b 베68ㅁ |
| 245 | 10 |
▼a 미국 최고의 교수들은 어떻게 가르치는가 /
▼d 켄 베인 지음,
▼e 안진환,
▼e 허형은 [공]옮김. |
| 260 | |
▼a 서울 :
▼b 뜨인돌,
▼c 2005. |
| 300 | |
▼a 264p ;
▼c 23cm. |
| 507 | 10 |
▼a Bain, Ken
▼b What the best college teachers do |
| 586 | |
▼a 버지니아 앤드 워렌 스톤 상, 2004 |
| 653 | |
▼a 미국교수
▼a 교수
▼a 교수평가
▼a 교수평가시스템
▼a 학업평가
▼a 교육환경
▼a 교수법
▼a 학력평가 |
| 700 | 1 |
▼a 안진환 |
| 700 | 1 |
▼a 허형은 |
| 900 | 10 |
▼a 베인, 켄 |
| 950 | 0 |
▼b ₩12000 |
| 007 | | ta |